000 00966cam a2200265 a 4500
999 _c57385
_d57385
001 16884006
005 20221107124117.0
008 110719s2012 paua b 001 0 eng
020 _a9781437704341 X
020 _a9996085309 X
020 _a9996085368
041 _aeng
080 _a616.8 B-86
245 0 0 _aBradley's neurology in clinical practice /
_bVolume 1
_c[edited by] Robert B. Daroff ... [et al.].
250 _a6th ed.
264 _aPhiladelphia, PA :
_bElsevier/Saunders,
_c2012.
300 _a523 p.:
_bill. (some col.) ;
_c29 cm.
653 _aკლინიკური ნევროლოგია
653 _aბრედლის ნევროლოგია კლინიკურ პრაქტიკაში
653 _aმედიცინა
700 1 _aDaroff, Robert B.
_98392
700 1 _aBradley, W. G.
_q(Walter George)
_98393
730 0 _aNeurology in clinical practice.
_98394
942 _2udc
_cBK